00735 2200265 4500001002100000005001700021008004100038020002200079035002500101040001200126082002200138084002200160090002200182100002800204245006500232250001100297260003000308300004300338650001600381700000900397850001200406990001700418990001700435990001700452INLIS00000000000070220141201090354.0  a978-602-9434-22-4 a0010-111400000000061 aYOPDYOG aCoE 499.222 Bim S aCoE 499.222 Bim S aCoE 499.222 Bim S aBIMA SLAMET RAHARJA, R. aSerat dasanama kawic/ R. Bima Slamet Raharja ; editor, Qoni aCet. 1 aYogyakartabFamiliac2013 aviii, 107 hlm.bilus.c21 cm. [3 eks.] aBahasa Kawi aQoni aYOPDYOG a2703-PD/B.14 a2704-PD/B.14 a2705-PD/B.14